prospects / (رقم التسجيلة. 133948)

تفاصيل مارك
000 -LEADER
fixed length control field 00327nas a22001337a 4500
005 - DATE AND TIME OF LATEST TRANSACTION
control field 20251108175429.0
008 - FIXED-LENGTH DATA ELEMENTS--GENERAL INFORMATION
fixed length control field 250721s9999 xx || 000 0 eng d
082 14 - DEWEY DECIMAL CLASSIFICATION NUMBER
Classification number R/ 370.5/PRO
245 10 - TITLE STATEMENT
Title prospects /
264 ## - PRODUCTION, PUBLICATION, DISTRIBUTION, MANUFACTURE, AND COPYRIGHT NOTICE
Name of producer, publisher, distributor, manufacturer مجلة التربية الفصلية,
650 17 - SUBJECT ADDED ENTRY--TOPICAL TERM
Topical term or geographic name as entry element EDUCATION
942 ## - ADDED ENTRY ELEMENTS (KOHA)
Source of classification or shelving scheme Dewey Decimal Classification
Koha item type دوريات
المقتنيات
حالة السحب حالة الفقدان مصدر التصنيف حالة التلف غير قابل للإعارة المكتبة الرئيسية المكتبة الحالية موقع الرف تاريخ التزويد الرقم المتسلسل Total Checkouts رقم الإستدعاء الباركود تاريخ آخر ظهور تاريخ الفاتورة نوع المادة (كوها)
    Dewey Decimal Classification   Not For Loan المكتبة المركزية المكتبة المركزية مقيد 28/07/2025 48761   R/ 370.5/PRO PLD00367959 28/07/2025 28/07/2025 دوريات
Implemented & Customized by: BBB with SCIT (Smart Chains for Information Technology)

Powered by Koha